000 00528nam a2200217 a 4500
999 _c4130
_d4130
001 4130
003 BD-JhCC
005 20171125122627.0
008 171123s1965 enka|||| ||a| 00| 0 eng d
035 _a(BD-JhCC)
040 _aBD-JhCC
_dBD-JhCC
_c4130
041 _aeng
082 _a909
_bGEL 1965
100 _aGelinas, Paul J.
245 _aHistory of the world /
_cPaul J. Gelinas
260 _aLondon :
_bGlasgow,
_c1959.
300 _a383 p. :
_c23 cm.
650 _aWorld History
942 _2ddc
_cBK